000 00229nam a2200085Ia 4500
245 0 _aFurnace : death sentence
100 _a Smith, Alexander Gordon, London, 2009
942 _cBK
008 210819s9999 xx 000 0 und d
999 _c301982
_d301981